[Event "4NCL Division 4 South"]
[Site "Maidenhead, ENG"]
[Date "2020.02.09"]
[Round "6.93"]
[White "Di-Vetta, Andrew"]
[Black "Ireland, David J"]
[Result "1-0"]
[WhiteElo "1720"]
[BlackElo "1961"]
[PlyCount "61"]
[EventDate "2020.02.09"]
[WhiteTeam "West is Best 3"]
[BlackTeam "Throw in the Tal"]

1. e4 c5 2. d3 d5 3. exd5 Nf6 4. Nf3 Nxd5 5. Be2 Nc6 6. O-O g6 7. Re1 Bg7 8. c3
O-O 9. Qc2 h6 10. Nbd2 b6 11. Nf1 Bb7 12. Bd2 Rc8 13. Rad1 Qc7 14. Ne3 Nf6 15.
Bc1 e5 16. Nd2 a6 17. Bf3 b5 18. Ndf1 Rfd8 19. Ng3 Qb8 20. Qe2 Rc7 21. Ne4 Nxe4
22. dxe4 Ne7 23. Rd2 Rxd2 24. Qxd2 f5 25. Rd1 fxe4 26. Bg4 h5 27. Be6+ Kh7 28.
Qd6 Bc8 29. Qd8 Qb7 30. Nd5 Nxd5 31. Qg8# 1-0

[Event "4NCL Division 4 South"]
[Site "Maidenhead, ENG"]
[Date "2020.02.09"]
[Round "6.94"]
[White "Nwachukwu, Chino"]
[Black "Eckert, Jonathan"]
[Result "0-1"]
[WhiteElo "1945"]
[BlackElo "1697"]
[PlyCount "50"]
[EventDate "2020.02.09"]
[WhiteTeam "Throw in the Tal"]
[BlackTeam "West is Best 3"]

1. e4 e5 2. Nf3 Nc6 3. Bb5 f5 4. d4 fxe4 5. Bxc6 dxc6 6. Nxe5 Qh4 7. Nc3 Be6 8.
h3 Nf6 9. Qe2 O-O-O 10. Be3 Bb4 11. O-O-O Bxc3 12. bxc3 Nd5 13. Bd2 Rhf8 14. g3
Qe7 15. Kb2 Nb6 16. c4 Rxd4 17. c3 Nxc4+ 18. Nxc4 Rxc4 19. Ra1 Ra4 20. Rhb1 Bc4
21. Qg4+ Kb8 22. Kc1 Rxf2 23. Rb4 Rxb4 24. cxb4 Rf1+ 25. Kb2 Qe5+ 0-1

[Event "4NCL Division 4 South"]
[Site "Maidenhead, ENG"]
[Date "2020.02.09"]
[Round "6.101"]
[White "McMahon, Paul"]
[Black "Flynn, David"]
[Result "1/2-1/2"]
[WhiteElo "1926"]
[BlackElo "1900"]
[PlyCount "157"]
[EventDate "2020.02.09"]
[WhiteTeam "Poisoned Pawns - Next Generation"]
[BlackTeam "Ashfield 2"]

1. e4 e6 2. d4 d5 3. e5 c5 4. c3 Nc6 5. Nf3 Bd7 6. Bd3 Qb6 7. Bc2 cxd4 8. cxd4
Nb4 9. Nc3 Nxc2+ 10. Qxc2 Ne7 11. O-O Nf5 12. Rd1 Be7 13. a4 Rc8 14. b3 Bb4 15.
Bb2 Qa5 16. Rac1 O-O 17. Qd3 a6 18. g4 Nh6 19. Ng5 g6 20. Qh3 Kg7 21. Nxh7 Kxh7
22. g5 Rh8 23. gxh6 Bf8 24. Rd3 Kg8 25. Rcd1 Bxh6 26. Qg4 Qd8 27. Kh1 b5 28. f4
Bg7 29. R1d2 Rh4 30. Qg3 bxa4 31. bxa4 Rc4 32. Ba3 Rh5 33. Ra2 Bxa4 34. Nxa4
Rxa4 35. Be7 Qd7 36. Rda3 Rxd4 37. Bc5 Rc4 38. Be3 Qb7 39. Bd2 Rc6 40. Qd3 Bf8
41. Rxa6 Rxa6 42. Rxa6 Rh3 43. Qxh3 $11 Qxa6 44. Qf3 Qa1+ 45. Kg2 Bc5 46. Kh3
Kf8 47. Be3 d4 48. Bd2 Qa3 49. Kg2 Qa2 50. Qf2 Qc2 51. Kf3 Qd3+ 52. Kg2 Ke7 53.
Be1 Kd7 54. Qf3 Qc2+ 55. Bf2 Kc7 56. Qa8 Bb6 57. Qf8 Qc6+ 58. Kg3 Qd7 59. Qb4
Ba7 60. Qa5+ Kc8 61. Qa6+ Kd8 62. Qd3 $11 Ke8 63. Kg4 Kf8 64. Qh3 Qd5 65. Qh8+
Ke7 66. Qf6+ Ke8 67. Qh8+ Kd7 68. Qf8 Qg2+ 69. Bg3 Qe2+ 70. Kg5 Qh5+ 71. Kf6
Qf5+ 72. Kg7 Kc6 73. Qd6+ Kb5 74. Qd7+ Ka6 $11 75. Qa4+ Kb7 76. Qb5+ Bb6 77.
Qd7+ Ka6 78. Qc8+ Kb5 79. Qd7+ 1/2-1/2

[Event "4NCL Division 4 South"]
[Site "Maidenhead, ENG"]
[Date "2020.02.09"]
[Round "6.102"]
[White "Bromilow, Edward T"]
[Black "Sahinoz, Giulio O"]
[Result "0-1"]
[WhiteElo "1862"]
[BlackElo "1919"]
[PlyCount "42"]
[EventDate "2020.02.09"]
[WhiteTeam "Ashfield 2"]
[BlackTeam "Poisoned Pawns - Next Generation"]

1. d4 Nf6 2. Nf3 e6 3. e3 b6 4. Bd3 Bb7 5. Nbd2 d5 6. O-O Bd6 7. Ne5 c5 8. b3
Nc6 9. f4 cxd4 10. exd4 Nxd4 11. Bb2 Nc6 12. c4 O-O 13. cxd5 Nxe5 14. fxe5 Bc5+
15. Kh1 Qxd5 16. Qe2 Rad8 17. exf6 Qxd3 18. Qg4 Qg6 19. Qxg6 hxg6 20. fxg7 Rxd2
21. gxf8=Q+ Kxf8 0-1

[Event "4NCL Division 4 South"]
[Site "Maidenhead, ENG"]
[Date "2020.02.09"]
[Round "6.103"]
[White "Weersing, Abigail Riis"]
[Black "Graham, Neil"]
[Result "1/2-1/2"]
[WhiteElo "1794"]
[BlackElo "1795"]
[PlyCount "99"]
[EventDate "2020.02.09"]
[WhiteTeam "Poisoned Pawns - Next Generation"]
[BlackTeam "Ashfield 2"]

1. d4 Nf6 2. c4 e5 3. dxe5 Ng4 4. e4 h5 5. Be2 Nc6 6. Bxg4 hxg4 7. Qxg4 Nxe5 8.
Qe2 Bb4+ 9. Bd2 Qe7 10. Nc3 c6 11. a3 Ba5 12. Nf3 Nxf3+ 13. Qxf3 d6 14. Qe2 Be6
15. b4 Bb6 16. Na4 Bd4 17. Bc3 Bxc3+ 18. Nxc3 Qg5 19. g3 Bg4 20. Qd3 O-O-O $11
21. b5 c5 22. Nd5 Qe5 23. Rb1 f5 24. Kd2 fxe4 25. Qc3 Qxc3+ 26. Nxc3 Bf3 27.
Rhe1 Rxh2 28. Ke3 Rf8 29. Rb2 Bh1 30. Rbe2 Rf3+ 31. Kd2 Rfxf2 32. Rxf2 Rxf2+
33. Ke3 Rh2 34. Nxe4 Bxe4 35. Kxe4 Kd7 36. Kf5 Rc2 37. Re4 Rc3 38. Rg4 Rf3+ $11
39. Kg6 Rxa3 40. Kxg7 Ke6 41. Rg6+ Kf5 42. g4+ Kf4 43. g5 Kf5 44. Kf7 Rc3 45.
Rxd6 Kxg5 46. Rd5+ Kf4 $11 47. Rxc5 a6 48. bxa6 bxa6 49. Ra5 Rxc4 50. Rxa6
1/2-1/2

[Event "4NCL Division 4 South"]
[Site "Maidenhead, ENG"]
[Date "2020.02.09"]
[Round "6.104"]
[White "Hill, Maurice J"]
[Black "Judkins, Brian D"]
[Result "1/2-1/2"]
[WhiteElo "1765"]
[BlackElo "1720"]
[PlyCount "72"]
[EventDate "2020.02.09"]
[WhiteTeam "Ashfield 2"]
[BlackTeam "Poisoned Pawns - Next Generation"]

1. g3 e5 2. Bg2 Nf6 3. c4 g6 4. Nc3 Bg7 5. e4 O-O 6. Nge2 d6 7. O-O Nc6 8. d3
Ne8 9. Nd5 f5 10. exf5 Bxf5 11. h3 Rb8 12. b4 Nf6 13. b5 Ne7 14. Nxf6+ Bxf6 15.
Bh6 Bg7 16. Bxg7 Kxg7 17. d4 c5 18. dxc5 dxc5 19. Nc3 b6 20. Qxd8 Rfxd8 21.
Rfd1 Rd4 22. Rxd4 exd4 23. Ne4 Rd8 24. Nd2 Nc8 25. Re1 Kf7 26. g4 Bd3 27. Re5
Nd6 28. Bd5+ Kf8 29. f4 Re8 30. Kf2 Rxe5 31. fxe5 Nf7 32. Nf3 h6 33. h4 Ke7 34.
Kg3 Nd8 35. Ne1 Bb1 36. a3 Ne6 1/2-1/2

[Event "4NCL Division 4 South"]
[Site "Maidenhead, ENG"]
[Date "2020.02.09"]
[Round "6.105"]
[White "Volovich, Julia"]
[Black "Thomson, James L"]
[Result "1-0"]
[WhiteElo "1611"]
[BlackElo "1750"]
[PlyCount "101"]
[EventDate "2020.02.09"]
[WhiteTeam "Poisoned Pawns - Next Generation"]
[BlackTeam "Ashfield 2"]

1. d4 d5 2. c4 c6 3. Nf3 Nf6 4. Nc3 a6 5. a4 Bf5 6. Qb3 Ra7 7. c5 a5 8. Bf4
Nbd7 9. h3 h6 10. e3 e6 11. Be2 Be7 12. Rc1 O-O 13. g4 Be4 14. Nxe4 Nxe4 15.
Bd3 Ndf6 16. Rg1 g5 17. Bh2 Nd7 18. Bxe4 dxe4 19. Nd2 Nf6 20. Be5 Qd5 21. Qc2
Nd7 22. Qxe4 Qxe4 23. Nxe4 Nxe5 24. dxe5 Rd8 25. Rd1 Rd5 26. Rxd5 exd5 27. Nd6
Bf8 28. Ke2 Ra8 29. Kd3 Rb8 30. Kd4 Be7 31. Rb1 Bxd6 $11 32. cxd6 Kf8 33. Kc5
Ke8 34. Kb6 Kd7 35. f4 gxf4 36. exf4 Rf8 37. Kxb7 f6 38. Kb6 fxe5 39. fxe5 Re8
40. Re1 d4 41. Kc5 d3 42. Kd4 Rb8 43. Kxd3 Rxb2 44. e6+ Ke8 45. Kd4 Rc2 46. Rb1
Rd2+ 47. Ke5 Rd5+ 48. Kf6 Rxd6 49. Rb8+ Rd8 50. Rxd8+ Kxd8 51. Kf7 1-0

[Event "4NCL Division 4 South"]
[Site "Maidenhead, ENG"]
[Date "2020.02.09"]
[Round "6.106"]
[White "Dabner, Tom"]
[Black "Weersing, Sarah"]
[Result "1/2-1/2"]
[WhiteElo "1690"]
[BlackElo "1652"]
[PlyCount "43"]
[EventDate "2020.02.09"]
[WhiteTeam "Ashfield 2"]
[BlackTeam "Poisoned Pawns - Next Generation"]

1. e4 e6 2. b3 d5 3. Bb2 Nf6 4. e5 Nfd7 5. d4 c5 6. Nf3 Qb6 7. c3 Nc6 8. Bd3
cxd4 9. cxd4 Bb4+ 10. Nbd2 f6 11. exf6 Nxf6 12. O-O O-O 13. Ne5 Nxd4 14. Ndf3
Nxf3+ 15. Qxf3 Bc5 16. Qg3 Bd4 17. Ba3 Re8 18. Bxh7+ Nxh7 19. Qg6 Nf6 20. Nf7
Qc7 21. Nh6+ Kh8 22. Nf7+ 1/2-1/2

[Event "4NCL Division 4 South"]
[Site "Maidenhead, ENG"]
[Date "2020.02.09"]
[Round "6.111"]
[White "Dasgupta, Avyukt"]
[Black "Taylor, Mark V"]
[Result "0-1"]
[WhiteElo "1637"]
[BlackElo "1928"]
[PlyCount "58"]
[EventDate "2020.02.09"]
[WhiteTeam "Watford 2"]
[BlackTeam "Crowthorne 2"]

1. e4 e6 2. d4 d5 3. e5 c5 4. c3 Nc6 5. Nf3 Bd7 6. Be3 cxd4 7. cxd4 Nge7 8. g4
h5 9. Nh4 hxg4 10. Qxg4 Qb6 11. Nd2 Nb4 12. Rc1 Nxa2 13. Rc2 Nb4 14. Rc3 Rc8
15. Be2 Nc2+ 16. Kf1 Qxb2 17. Rxc8+ Bxc8 18. Ndf3 Qb1+ 19. Kg2 Nxe3+ 20. fxe3
Qe4 21. Qg5 Bd7 22. Rd1 $11 Nf5 23. Kh3 Nxh4 24. Nxh4 Be7 25. Qf4 Rxh4+ 26.
Qxh4 Qxh4+ 27. Kg2 Qe4+ 28. Kf2 Bh4+ 29. Kf1 Qh1# 0-1

[Event "4NCL Division 4 South"]
[Site "Maidenhead, ENG"]
[Date "2020.02.09"]
[Round "6.112"]
[White "Leadbetter, Scott"]
[Black "Vig, Sanjay"]
[Result "1-0"]
[WhiteElo "1612"]
[BlackElo "1532"]
[PlyCount "27"]
[EventDate "2020.02.09"]
[WhiteTeam "Crowthorne 2"]
[BlackTeam "Watford 2"]

1. c4 f5 2. d4 Nf6 3. Nc3 e6 4. Nf3 c6 5. Qc2 a5 6. a3 Na6 7. e4 fxe4 8. Nxe4
Be7 9. c5 b6 10. Nxf6+ Bxf6 11. Bd3 b5 12. Bf4 b4 13. Bd6 g6 14. Bxg6+ 1-0

[Event "4NCL Division 4 South"]
[Site "Maidenhead, ENG"]
[Date "2020.02.09"]
[Round "6.113"]
[White "Tathare, Sandesh"]
[Black "Shek, Daniel"]
[Result "1/2-1/2"]
[WhiteElo "1555"]
[BlackElo "1478"]
[PlyCount "74"]
[EventDate "2020.02.09"]
[WhiteTeam "Watford 2"]
[BlackTeam "Crowthorne 2"]

1. e4 c5 2. Nc3 Nc6 3. Bc4 e6 4. f4 a6 5. a4 Nge7 6. Nf3 d5 7. exd5 Nxd5 8. d3
Nxc3 9. bxc3 Be7 10. O-O O-O 11. Qe1 b6 12. Qg3 Bf6 13. Ne5 Qc7 14. Re1 Bb7 15.
Bb2 Nxe5 16. fxe5 Be7 17. Bb3 b5 18. axb5 axb5 19. c4 bxc4 20. Bxc4 Bd5 21. Qg4
Bxc4 22. Qxc4 Rfb8 23. Bc3 Rxa1 24. Rxa1 h6 25. d4 Qc6 26. Qa6 Qxa6 27. Rxa6
cxd4 28. Bxd4 Rc8 29. c3 Bc5 30. Kf2 Bxd4+ 31. cxd4 Rc4 32. Ke3 Rc2 33. Kf3 Rd2
34. Ra8+ Kh7 35. Rd8 Kg6 36. h4 Rd3+ 37. Kf4 Rd2 1/2-1/2

[Event "4NCL Division 4 South"]
[Site "Maidenhead, ENG"]
[Date "2020.02.09"]
[Round "6.114"]
[White "Love, James"]
[Black "Hylands, Keith A"]
[Result "1/2-1/2"]
[WhiteElo "1473"]
[BlackElo "1382"]
[PlyCount "119"]
[EventDate "2020.02.09"]
[WhiteTeam "Crowthorne 2"]
[BlackTeam "Watford 2"]

1. e4 e5 2. Nf3 Nc6 3. d4 Bb4+ 4. c3 Bd6 5. d5 Nce7 6. Bc4 Nf6 7. Bd3 Ng6 8.
Be3 O-O 9. O-O Be7 10. c4 b6 11. Nc3 d6 12. b4 a5 13. a3 Nd7 14. h3 Bb7 15. b5
Bc8 16. Qd2 Nh4 17. Be2 Nxf3+ 18. Bxf3 Re8 19. Ne2 Nf8 20. Ng3 Ng6 21. Nf5 Bxf5
22. exf5 Nh8 23. Be4 Bf6 24. Rab1 h6 25. a4 Bg5 26. g3 Bxe3 27. fxe3 f6 28. Bf3
Qe7 29. Bh5 Rec8 30. h4 Rf8 31. Kh1 Kh7 32. Qe2 Rad8 33. Qg4 Rd7 34. Rbd1 Rdd8
35. Qe4 Rd7 36. Bg6+ Kg8 37. g4 Nxg6 38. fxg6 f5 39. gxf5 Rf6 40. Rf2 Rd8 41.
Rdf1 Rdf8 42. Kg1 Qd7 43. Qd3 Qc8 44. e4 Re8 45. Qc3 Qd8 46. Qf3 Ref8 47. Qh3
Qe7 48. Qf3 Qe8 49. Qc3 Qd7 50. c5 Rc8 51. Rc2 Rff8 52. Rfc1 Qd8 53. cxb6 Qxh4
54. b7 Rb8 55. Qxc7 Qg3+ 56. Rg2 Qe3+ 57. Rf2 Rxb7 58. Qxb7 Qxc1+ 59. Kh2 Qe3
60. Rg2 1/2-1/2

[Event "4NCL Division 4 South"]
[Site "Maidenhead, ENG"]
[Date "2020.02.09"]
[Round "6.115"]
[White "Tharkabhushanam, Anirvin"]
[Black "Shek, Kim"]
[Result "1-0"]
[WhiteElo "1360"]
[BlackElo "1285"]
[PlyCount "65"]
[EventDate "2020.02.09"]
[WhiteTeam "Watford 2"]
[BlackTeam "Crowthorne 2"]

1. d4 d5 2. Bf4 Nf6 3. c3 Nc6 4. Nd2 Bf5 5. Ngf3 Ne4 6. e3 g6 7. Bd3 Bg7 8. Qc2
O-O 9. Nxe4 dxe4 10. Bxe4 Bxe4 11. Qxe4 e6 12. O-O-O Re8 13. Qc2 Qd5 14. Kb1
Re7 15. c4 Qa5 16. c5 Nb4 17. Qb3 Rb8 18. a3 Nd5 19. Bg3 b5 20. e4 Nf6 21. Ne5
Qa6 22. f3 Nd7 23. Ng4 Rb7 24. Rhe1 Nb8 25. Bh4 Rd7 26. Bf6 Nc6 27. d5 Na5 28.
Qc3 Bf8 29. c6 b4 30. Qd3 Qxd3+ 31. Rxd3 Nxc6 32. dxc6 Rxd3 33. cxb7 1-0

[Event "4NCL Division 4 South"]
[Site "Maidenhead, ENG"]
[Date "2020.02.09"]
[Round "6.121"]
[White "Sheard, Jack"]
[Black "Stoica, Savas Marin"]
[Result "0-1"]
[WhiteElo "1870"]
[BlackElo "1967"]
[PlyCount "96"]
[EventDate "2020.02.09"]
[WhiteTeam "Surbiton 2"]
[BlackTeam "Barnet Knights 2"]

1. Nf3 Nf6 2. c4 e6 3. g3 d5 4. Bg2 Be7 5. O-O O-O 6. b3 c5 7. e3 Nc6 8. Bb2
dxc4 9. bxc4 Qd3 10. Qb3 Nb4 11. Ne1 Qd7 12. d4 a5 13. a3 a4 14. Qd1 Nc6 15.
Nf3 Rd8 16. Qe2 Qe8 17. Nc3 cxd4 18. exd4 Nxd4 19. Nxd4 Rxd4 20. Nd5 Rxd5 21.
cxd5 exd5 22. Bxf6 gxf6 23. Rfe1 Be6 24. Bxd5 Bxd5 25. Qxe7 Qxe7 26. Rxe7 Rc8
27. Rae1 Rc3 28. R7e3 Rc2 $11 29. h4 b5 30. h5 Kg7 31. g4 Ra2 32. R1e2 Ra1+ 33.
Kh2 Bb3 34. Rh3 $11 h6 35. Rhe3 Rxa3 36. Re8 Be6 37. Rb8 Rb3 38. Rxe6 fxe6 39.
Rb7+ Kf8 40. Rb8+ $11 Ke7 41. Rh8 a3 42. Rxh6 Rb4 43. Rh7+ Kf8 44. Rh6 a2 45.
Rxf6+ Kg7 46. g5 Rh4+ 47. Kg3 Rxh5 48. Kg4 Rh1 0-1

[Event "4NCL Division 4 South"]
[Site "Maidenhead, ENG"]
[Date "2020.02.09"]
[Round "6.122"]
[White "Farahi-Far, Arman"]
[Black "Smith, Nigel D"]
[Result "1/2-1/2"]
[WhiteElo "1735"]
[BlackElo "1915"]
[PlyCount "72"]
[EventDate "2020.02.09"]
[WhiteTeam "Barnet Knights 2"]
[BlackTeam "Surbiton 2"]

1. d4 d6 2. Nf3 Bg4 3. c4 Nd7 4. Nc3 Ngf6 5. e4 e5 6. d5 Nc5 7. Qc2 a5 8. Be2
Be7 9. b3 O-O 10. Be3 Nfd7 11. h3 Bxf3 12. gxf3 Bg5 13. Rg1 Bxe3 14. fxe3 c6
15. O-O-O Qb6 16. Qb1 Qb4 17. Kd2 a4 18. bxa4 Qxb1 19. Rxb1 Nxa4 20. Rxb7 Ndc5
21. Rbb1 Nxc3 22. Kxc3 cxd5 23. exd5 Rxa2 24. Rg2 Rfa8 25. Bf1 R2a3+ 26. Kd2
Kf8 27. Rb2 Ra1 28. Bd3 g6 29. Rh2 Nxd3 30. Kxd3 R8a3+ 31. Kd2 R1a2 32. Kd1
Rxb2 33. Rxb2 Rxe3 34. Rb8+ Ke7 35. Rb7+ Ke8 36. Rb8+ Ke7 1/2-1/2

[Event "4NCL Division 4 South"]
[Site "Maidenhead, ENG"]
[Date "2020.02.09"]
[Round "6.123"]
[White "Kumar, Sanjit S"]
[Black "Carter, Rebecca"]
[Result "1-0"]
[WhiteElo "1690"]
[BlackElo "1720"]
[PlyCount "87"]
[EventDate "2020.02.09"]
[WhiteTeam "Surbiton 2"]
[BlackTeam "Barnet Knights 2"]

1. e4 e5 2. Nf3 Nf6 3. Nxe5 d6 4. Nf3 Nxe4 5. Nc3 Nxc3 6. dxc3 Be7 7. Be3 Nc6
8. Qd2 Be6 9. Be2 Qd7 10. Nd4 Bd5 11. f3 Ne5 12. b3 Bh4+ 13. g3 Bf6 14. c4 Bc6
15. Rd1 O-O 16. Nxc6 Qxc6 17. O-O Rfe8 18. f4 Nd7 19. Bf3 Qa6 20. a4 Rad8 21.
Rfe1 Kf8 22. Qg2 b6 23. Bd2 Nc5 24. Rxe8+ Rxe8 25. b4 Nxa4 26. Bc6 Nb2 27. Bxe8
Nxd1 28. Qa8 Bd4+ 29. Kg2 Ke7 30. Bb5 Qa3 31. Qe8+ Kf6 32. Qd8+ Kf5 33. Bd7+
Ke4 34. Qe7+ Be5 35. Bc6+ Kd4 36. fxe5 Ne3+ 37. Bxe3+ Qxe3 38. exd6 Qd2+ 39.
Kg1 Qc1+ 40. Kf2 Qxc2+ 41. Qe2 Qf5+ 42. Bf3 cxd6 43. b5 g5 44. Kg2 1-0

[Event "4NCL Division 4 South"]
[Site "Maidenhead, ENG"]
[Date "2020.02.09"]
[Round "6.124"]
[White "Angelopoulos, Andreas"]
[Black "Alcock, Graham P"]
[Result "0-1"]
[WhiteElo "1630"]
[BlackElo "1750"]
[PlyCount "64"]
[EventDate "2020.02.09"]
[WhiteTeam "Barnet Knights 2"]
[BlackTeam "Surbiton 2"]

1. d4 Nf6 2. c4 c5 3. d5 b5 4. cxb5 a6 5. bxa6 Bxa6 6. Nc3 g6 7. g3 Bg7 8. Bg2
d6 9. Nf3 O-O 10. O-O Nbd7 11. Re1 Qb6 12. e4 Ng4 13. h3 Nge5 14. Nxe5 Nxe5 15.
Qc2 Rfb8 16. b3 Nd3 17. Re3 Nb4 18. Qd2 Bd4 19. Re1 Nd3 20. Rf1 Qb4 21. a3 Qxc3
22. Qxc3 Bxc3 23. Rb1 Nxc1 24. Rfxc1 Bd3 25. Rxc3 Bxb1 26. b4 cxb4 27. axb4
Rxb4 28. Re3 Raa4 29. e5 Be4 30. exd6 exd6 31. Rc3 Bxg2 32. Kxg2 Rd4 0-1

[Event "4NCL Division 4 South"]
[Site "Maidenhead, ENG"]
[Date "2020.02.09"]
[Round "6.125"]
[White "Ratnesan, Radha"]
[Black "Sanfey, Gregor"]
[Result "1/2-1/2"]
[WhiteElo "1682"]
[BlackElo "1600"]
[PlyCount "84"]
[EventDate "2020.02.09"]
[WhiteTeam "Surbiton 2"]
[BlackTeam "Barnet Knights 2"]

1. d4 Nf6 2. c4 e6 3. Nf3 Bb4+ 4. Bd2 a5 5. Bxb4 axb4 6. e3 d5 7. Nbd2 Ne4 8.
Nxe4 dxe4 9. Nd2 f5 10. Qb3 c5 11. dxc5 Nc6 12. Be2 Qe7 13. Qc2 Qxc5 14. Nb3
Qe7 15. Qd2 O-O 16. O-O Rd8 17. Qc2 e5 18. c5 Be6 19. Bc4 Bxc4 20. Qxc4+ Qf7
21. Qe2 h6 $11 22. Rfd1 Rxd1+ 23. Qxd1 Qc4 24. Qc1 Qxc1+ 25. Nxc1 Kf7 26. Kf1
Ke6 27. Nb3 Na5 28. Rc1 Nxb3 29. axb3 Ra2 30. c6 bxc6 31. Rxc6+ Kf7 32. Rc2 Ke6
33. Ke2 Kd6 34. Kd1 Ra1+ 35. Ke2 Rb1 36. f3 exf3+ 37. Kxf3 g5 38. h3 e4+ 39.
Kf2 Kd5 40. Ke2 Rg1 41. Rd2+ Ke5 42. Kf2 Rb1 1/2-1/2

[Event "4NCL Division 4 South"]
[Site "Maidenhead, ENG"]
[Date "2020.02.09"]
[Round "6.126"]
[White "Angelopoulos, Nicos"]
[Black "Seymour, Paul"]
[Result "1/2-1/2"]
[WhiteElo "1577"]
[BlackElo "1667"]
[PlyCount "40"]
[EventDate "2020.02.09"]
[WhiteTeam "Barnet Knights 2"]
[BlackTeam "Surbiton 2"]

1. e4 d5 2. exd5 Qxd5 3. Nc3 Qd6 4. Bc4 Nf6 5. h3 a6 6. a3 b5 7. Be2 Bb7 8. Bf3
Bxf3 9. Nxf3 c5 10. d3 h6 11. O-O e6 12. Ne4 Nxe4 13. dxe4 Nc6 14. Be3 Be7 15.
Qxd6 Bxd6 16. Rfd1 O-O-O 17. c3 Be7 18. Kf1 Rxd1+ 19. Rxd1 Rd8 20. Rxd8+ Kxd8
1/2-1/2

[Event "4NCL Division 4 South"]
[Site "Maidenhead, ENG"]
[Date "2020.02.09"]
[Round "6.131"]
[White "Neatherway, A Philip"]
[Black "Sturt, Charles A"]
[Result "0-1"]
[WhiteElo "1822"]
[BlackElo "1416"]
[PlyCount "39"]
[EventDate "2020.02.09"]
[WhiteTeam "Oxford 4"]
[BlackTeam "Celtic Tigers 3"]

1. e4 e6 2. d4 d5 3. Nd2 Nf6 4. e5 Nfd7 5. Bd3 c5 6. c3 Nc6 7. Ne2 cxd4 8. cxd4
f6 9. Nf4 Nxd4 10. Qh5+ Ke7 11. Ng6+ hxg6 12. Qxh8 Nxe5 13. Bb1 Qc7 14. Kd1 Bd7
15. Nb3 Ba4 16. Qh3 Rc8 17. Bd2 Qc4 18. Bc3 Bxb3+ 19. axb3 Qe2+ 20. Kc1 0-1

[Event "4NCL Division 4 South"]
[Site "Maidenhead, ENG"]
[Date "2020.02.09"]
[Round "6.132"]
[White "Nikolis, Konstantinos"]
[Black "Cole, Graham"]
[Result "0-1"]
[WhiteElo "1367"]
[BlackElo "1817"]
[PlyCount "100"]
[EventDate "2020.02.09"]
[WhiteTeam "Celtic Tigers 3"]
[BlackTeam "Oxford 4"]

1. e4 c5 2. c4 e5 3. Nc3 Nf6 4. d3 h6 5. Be2 Nc6 6. Nf3 d6 7. Nd5 Be7 8. Be3 a6
9. Qc2 Rb8 10. Bd2 Bg4 11. b4 Bxf3 12. Bxf3 Nd4 13. Qd1 Nxd5 14. cxd5 Nxf3+ 15.
gxf3 cxb4 16. Bxb4 Qd7 17. Bd2 Bg5 18. Ke2 Rc8 19. h4 Bxd2 20. Qxd2 Ke7 21. h5
Rc7 22. Rac1 Rhc8 23. Rxc7 Qxc7 24. Rg1 Kf8 25. Rb1 b5 26. Rb2 Qc3 27. Qxc3
Rxc3 28. Ke3 g5 29. Kd2 Ra3 30. Rc2 Ke7 31. Ke2 Kd7 32. Rd2 a5 33. Kd1 b4 34.
Ke2 Rc3 35. Rb2 Kc7 36. Kd2 Kb6 37. Rb3 Rxb3 38. axb3 Kb5 39. Kc2 a4 40. bxa4+
Kxa4 41. Kb2 b3 42. d4 f6 43. dxe5 fxe5 44. Kb1 Kb5 45. Kb2 Kc4 46. Kb1 Kc3 47.
Kc1 b2+ 48. Kb1 Kb3 49. f4 gxf4 50. f3 Kc3 0-1

[Event "4NCL Division 4 South"]
[Site "Maidenhead, ENG"]
[Date "2020.02.09"]
[Round "6.133"]
[White "Beckett, Richard"]
[Black "Turner, Jeremy"]
[Result "1-0"]
[WhiteElo "1634"]
[BlackElo "1315"]
[PlyCount "61"]
[EventDate "2020.02.09"]
[WhiteTeam "Oxford 4"]
[BlackTeam "Celtic Tigers 3"]

1. e4 c6 2. d4 d5 3. exd5 cxd5 4. c4 Nf6 5. c5 Nc6 6. Bb5 Bd7 7. Nc3 e6 8. Be3
b6 9. Bxc6 Bxc6 10. b4 bxc5 11. bxc5 Be7 12. Nf3 Nd7 13. O-O O-O 14. Bf4 f6 15.
Re1 e5 16. dxe5 fxe5 17. Nxd5 Rxf4 18. Nxf4 exf4 19. Qb3+ Kf8 20. Rad1 Qc7 21.
Qe6 Nxc5 22. Qf5+ Kg8 23. Ng5 Bxg5 24. Qxc5 Bf6 25. Rc1 Rc8 26. Qc4+ Kf8 27.
Re6 Bd7 28. Qb4+ Kf7 29. Rxc7 Rxc7 30. Re1 Bc3 31. Qxf4+ 1-0

[Event "4NCL Division 4 South"]
[Site "Maidenhead, ENG"]
[Date "2020.02.09"]
[Round "6.134"]
[White "Sarfas, Robin"]
[Black "Dumitrescu, George-Mihai"]
[Result "0-1"]
[WhiteElo "1187"]
[BlackElo "1613"]
[PlyCount "47"]
[EventDate "2020.02.09"]
[WhiteTeam "Celtic Tigers 3"]
[BlackTeam "Oxford 4"]

1. d4 d5 2. Bf4 e6 3. e3 Nf6 4. Nd2 Bd6 5. Bg3 Nbd7 6. Bd3 e5 7. c3 Qe7 8. Qe2
a6 9. c4 dxc4 10. Bxc4 b5 11. Bb3 c5 12. dxc5 Nxc5 13. Bc2 Bb7 14. Ngf3 Nce4
15. Bxe4 Nxe4 16. Nxe4 Bxe4 17. O-O O-O 18. Rfe1 Rac8 19. Nd2 Rc2 20. f3 Bg6
21. a4 Rxb2 22. axb5 axb5 23. Rab1 Bxb1 24. Nxb1 0-1

[Event "4NCL Division 4 South"]
[Site "Maidenhead, ENG"]
[Date "2020.02.09"]
[Round "6.135"]
[White "Henbest, Kevin B"]
[Black "Mackenzie, Jon"]
[Result "1-0"]
[WhiteElo "1635"]
[BlackElo "1187"]
[PlyCount "59"]
[EventDate "2020.02.09"]
[WhiteTeam "Oxford 4"]
[BlackTeam "Celtic Tigers 3"]

1. e4 c5 2. Nf3 d6 3. d4 cxd4 4. Nxd4 Nf6 5. Nc3 a6 6. f4 e6 7. Bd3 Nc6 8. Nf3
Ne7 9. O-O b5 10. a3 Bb7 11. Qe1 Rc8 12. e5 Nfd5 13. Ne4 Ng8 14. f5 Qd7 15.
fxe6 fxe6 16. Nxd6+ Bxd6 17. exd6 Rc6 18. Ne5 Qxd6 19. Nxc6 Bxc6 20. Qf2 Ngf6
21. Bf4 Qd7 22. Qg3 Rg8 23. Bg5 Qf7 24. Qd6 Bd7 25. Rae1 h6 26. Bd2 Ne7 27. Ba5
Nc8 28. Qc7 Qe7 29. Bg6+ Kf8 30. Bb4 1-0

[Event "4NCL Division 4 South"]
[Site "Maidenhead, ENG"]
[Date "2020.02.09"]
[Round "6.136"]
[White "Osseiran, Nadim"]
[Black "Matilal, Tamal"]
[Result "0-1"]
[WhiteElo "1112"]
[BlackElo "1374"]
[PlyCount "64"]
[EventDate "2020.02.09"]
[WhiteTeam "Celtic Tigers 3"]
[BlackTeam "Oxford 4"]

1. d4 c5 2. c3 cxd4 3. cxd4 Nf6 4. Bf4 a6 5. e3 e6 6. h3 Bb4+ 7. Nc3 Nd5 8.
Nge2 Qa5 9. Qc2 Nc6 10. Bh2 O-O 11. a3 Nxc3 12. Nxc3 Re8 13. Rc1 Bf8 14. Bd3 e5
15. d5 Nd4 16. exd4 exd4+ 17. Be2 dxc3 18. Qxc3 Qxd5 19. Rd1 Qxg2 20. Kd2 Qxf2
21. Rde1 Bc5 22. Rhg1 Qe3+ 23. Kc2 Qxc3+ 24. Kxc3 Bxg1 25. Bxg1 d5 26. Kd2 Bxh3
27. Bd4 Re4 28. Bc5 Rae8 29. Kd3 Rxe2 30. Rxe2 Bf1 31. Be3 Bxe2+ 32. Kd4 Bc4
0-1

[Event "4NCL Division 4 South"]
[Site "Maidenhead, ENG"]
[Date "2020.02.09"]
[Round "6.141"]
[White "Usher, Michael E"]
[Black "Ogunshola, Ben"]
[Result "0-1"]
[WhiteElo "1673"]
[BlackElo "2163"]
[PlyCount "52"]
[EventDate "2020.02.09"]
[WhiteTeam "Iceni 3"]
[BlackTeam "The Pitstop"]

1. d4 Nf6 2. Nc3 d5 3. Bf4 Bf5 4. f3 e6 5. g4 Bg6 6. h4 h6 7. e3 a6 8. Bd3 Bxd3
9. Qxd3 c5 10. Nge2 Nc6 11. a3 Qa5 12. Kf2 Qd8 13. Rag1 Rc8 14. Qd2 Be7 15. g5
Nh5 16. gxh6 gxh6 17. dxc5 Bxc5 18. Rg4 Nxf4 19. Rxf4 Ne5 20. b3 Bxa3 21. Qd4
Qd6 22. Qa4+ b5 23. Nxb5 axb5 24. Qxb5+ Ke7 25. Nd4 Bb2 26. c4 Nd3+ 0-1

[Event "4NCL Division 4 South"]
[Site "Maidenhead, ENG"]
[Date "2020.02.09"]
[Round "6.142"]
[White "Froom, Oliver"]
[Black "Carter, Dominic A"]
[Result "1-0"]
[WhiteElo "1926"]
[BlackElo "1680"]
[PlyCount "85"]
[EventDate "2020.02.09"]
[WhiteTeam "The Pitstop"]
[BlackTeam "Iceni 3"]

1. e4 e5 2. Nf3 Nc6 3. Bb5 a6 4. Ba4 Nf6 5. d3 b5 6. Bb3 Be7 7. O-O d6 8. c3
Na5 9. Bc2 c5 10. d4 cxd4 11. cxd4 Qc7 12. h3 O-O 13. Nc3 Bd7 14. Bd3 Rac8 15.
Bg5 Be6 16. d5 Bd7 17. Rc1 Qb6 18. Be3 Qb8 19. b3 Nb7 20. b4 Ne8 21. g4 h5 22.
Nd2 hxg4 23. hxg4 Nf6 24. f3 a5 25. a3 axb4 26. axb4 Nh7 27. Kh2 Bg5 28. Qe2
Bxe3 29. Qxe3 Rc7 30. Nb3 Rfc8 31. Nxb5 Rxc1 32. Rxc1 Rxc1 33. Nxc1 Nd8 34. Qa7
Qxa7 35. Nxa7 Nf8 36. Ba6 Ba4 37. Nc8 Nd7 38. Nxd6 Nb8 39. Bd3 Nd7 40. Ne2 Kf8
41. Nc4 Ke7 42. Nc3 Bb3 43. Nd2 1-0